000 00366nam a2200145Ia 4500
008 231129s1996||||xx |||||||||||||| ||spa||
020 _a958-04-3025-X
040 _bspa
082 _a658 M277c
100 _aManganelli Raymond L.
245 0 _aComo hacer reingenieria
260 _c1996
264 _aNorma
942 _2ddc
_cBKS
999 _c7578
_d7578